| 000 | 00545nam a2200145Ia 4500 | ||
|---|---|---|---|
| 008 | 231129s1996||||xx |||||||||||||| ||spa|| | ||
| 020 | _a958-9329-04-7 | ||
| 040 | _bspa | ||
| 082 | _a303.66 E56 | ||
| 100 | _aEncuentro Interuniversitario Estrategias y experiencia para la construccion de la Paz (1995:Santafé de Bogotá) | ||
| 245 | 0 | _aEstrategias y experiencias para la construccion de la paz: memorias | |
| 260 | _c1996 | ||
| 264 | _aPrograma de la Universidad de Andes para la Paz | ||
| 942 |
_2ddc _cBKS |
||
| 999 |
_c13596 _d13596 |
||